000
00244nam a22001097a 4500
008
250429b |||||||| |||| 00| 0 eng d
050
_a
JC 330
_b
.Y44
100
_a
Yahaya, Ali D.
245
_a
Effective Leadership
300
_a
180p.
942
_c
BK
999
_c
3256
_d
3256